00935nam a2200229 a 4500008004100000020001500041050001900056100002100075245010600096250001200202260003000214300001400244350000900258500006400267650001300331650003600344700002000380700002400400995013200424995013200556999001700688160217c20089999||||||||||||||||| || u a007711745X aCD/HD 30.4 Blu aCooper, Donald R10aBusiness research methods. (2nd ed.)cBoris Blumberg; Donald R. Cooper; Pamela S. Schindlerh[cd-rom] a2nd ed. aLondonbMcGraw-Hillc2008 a4 3/4 in. a0.00 aCD accompainied by a text book available in main collection 0aBUSINESS aINDUSTRIAL MANAGEMENT--RESEARCH aBlumberg, Boris aSchindler, Pamela S ae-RESOURCESe20141084FCBU-MAIN LIBRARY (Kitwe)I0.00jCD/HD 30.4 BluM1UAVAILABLEWFeb 17, 2016y20141084Ze-Media Collection ae-RESOURCESe20141112FCBU-MAIN LIBRARY (Kitwe)I0.00jCD/HD 30.4 BluM2UAVAILABLEWJun 15, 2016y20141112Ze-Media Collection c79064d79064